| 000 | 00930nam a2200229Ia 4500 | ||
|---|---|---|---|
| 003 | OSt | ||
| 005 | 20200918102228.0 | ||
| 008 | 191128s1980 ck gr 000 0dspa d | ||
| 020 | _a8482721135 | ||
| 040 |
_aCO-JMCR _cCO-JMCR |
||
| 041 | 0 | _aspa | |
| 082 | 0 | 4 |
_a864 / _bO771p _223 |
| 100 | 1 |
_aOrtega Torres, José Joaquín, _eautor _910466 |
|
| 245 | 1 | 0 |
_aPáginas escogidas / _cJosé J. Ortega Torres |
| 260 |
_aBogotá : _bTemis, _c1980 |
||
| 300 |
_aix, 280 páginas ; _c23 cm. |
||
| 500 | _aIncluye datos biográficos del autor. | ||
| 505 | 0 | _aDatos biográficos del padre José Joaquín Ortega Torres -- Discurso de recepción como individuo de número de la Academia Colombiana -- Respuesta de don Laureano García Ortiz -- En torno de Manzoni -- Monseñor Rafael María Carrasquilla | |
| 650 | 1 | 4 |
_aEnsayos colombianos _91715 |
| 650 | 1 | 4 |
_aLiteratura colombiana _xhistoria y crítica _ySiglo XX _910467 |
| 942 |
_2ddc _cBK |
||
| 999 |
_c6218 _d6218 |
||